Nationalities of Footballers - Statistics

General Stats
  • This quiz has been taken 53 times
  • The average score is 28 of 34
Answer Stats
Hint Answer % Correct
Fernandinho Brazil
100%
Dimitri Payet France
100%
Zlatan Ibrahimovic Sweden
100%
Thorgan Hazard Belgium
98%
Marco Reus Germany
98%
Heung Min Son South Korea
98%
Aaron Ramsey Wales
98%
Arturo Vidal Chile
96%
Ross Barkley England
96%
Sokratis Papastathopoulos Greece
96%
Jesus Navas Spain
96%
Tim Cahill Australia
93%
James Rodriguez Colombia
93%
Diego Godin Uruguay
93%
Clint Dempsey U.S.A
93%
Marko Arnautovic Austria
91%
Ciro Immobile Italy
91%
Shane Long Republic Of Ireland
91%
Emmanuel Eminike Nigeria
87%
Ross McCormack Scotland
87%
Yevgen Konoplyanka Ukraine
85%
Martin Skrtel Slovakia
83%
Wes Morgan Jamaica
78%
Bryan Ruiz Costa Rica
74%
Johan Djourou Switzerland
74%
Stevan Jovetic Montenegro
65%
Jordy Clasie The Netherlands
63%
Balazs Dzsudzsak Hungary
61%
Victor Wanyama Kenya
61%
Adel Taarabt Morocco
61%
Winston Palacios Honduras
41%
Stephane Sessegnon Benin
37%
Ashkan Dejagah Iran
37%
Mahamadou Diarra Mali
37%
No matching quizzes found
Score Distribution
Percent of People with Each Score
Percentile by Number Answered
Your Score History
You have not taken this quiz